书目信息 |
| 题名: |
AutoCAD建筑工程制图
|
|
| 作者: | 赵爱东 , 康洪波 , 李全云 编著 | |
| 分册: | ||
| 出版信息: | 北京 机械工业出版社 2006.08 |
|
| 页数: | 11, 260页 | |
| 开本: | 26cm | |
| 丛书名: | ||
| 单 册: | ||
| 中图分类: | TU204-39 | |
| 科图分类: | ||
| 主题词: | 建筑制图--jian zhu zhi tu--AutoCAD软件--高等学校--教材 | |
| 电子资源: | ||
| ISBN: | 7-111-19531-0 | |
| 000 | 01008nam0 2200265 450 | |
| 001 | 012006843545 | |
| 005 | 20120407173125.18 | |
| 010 | @a7-111-19531-0@dCNY24.00 | |
| 100 | @a20061109d2006 km y0chiy0120 ea | |
| 101 | 0 | @achi |
| 102 | @aCN@b110000 | |
| 105 | @aa a 000yy | |
| 200 | 1 | @aAutoCAD建筑工程制图@AAutoCAD jian zhu gong cheng zhi tu@f李全云, 赵爱东, 康洪波等编著@Fli quan yun,zhao ai dong,kang hong bo deng bian zhu |
| 210 | @a北京@c机械工业出版社@d2006.08 | |
| 215 | @a11, 260页@c图@d26cm | |
| 300 | @a21世纪高等院校应用型规划教材 | |
| 320 | @a有书目 (第260页) | |
| 330 | @a本书介绍了AutoCAD 2006的基本操作和应用技巧。主要内容包括:AutoCAD基础知识,绘制二维基本对象,编辑图形对象,图块、属性和外部参照等。 | |
| 606 | 0 | @a建筑制图@Ajian zhu zhi tu@xAutoCAD软件@x高等学校@j教材 |
| 690 | @aTU204-39@v4 | |
| 701 | 0 | @a赵爱东@Azhao ai dong@4编著 |
| 701 | 0 | @a康洪波@Akang hong bo@4编著 |
| 701 | 0 | @a李全云@Ali quan yun@4编著 |
| 801 | 0 | @aCN@c20061128 |
| 905 | @a10447@dTU204-39@eL238 | |
| AutoCAD建筑工程制图/李全云, 赵爱东, 康洪波等编著.-北京:机械工业出版社,2006.08 |
| 11, 260页:图;26cm |
| 21世纪高等院校应用型规划教材 |
| ISBN 7-111-19531-0:CNY24.00 |
| 本书介绍了AutoCAD 2006的基本操作和应用技巧。主要内容包括:AutoCAD基础知识,绘制二维基本对象,编辑图形对象,图块、属性和外部参照等。 |
| ● |
| 相关链接 |
|
|
|
正题名:AutoCAD建筑工程制图
索取号:TU204-39/L238
 
预约/预借
| 序号 | 登录号 | 条形码 | 馆藏地/架位号 | 状态 | 备注 |
| 1 | 226558 | 202265583 | 建筑库101/101建筑库 110排2列3层/ [索取号:TU204-39/L238] | 在馆 | |
| 2 | 226559 | 202265592 | 建筑库101/101建筑库 110排2列3层/ [索取号:TU204-39/L238] | 在馆 | |
| 3 | 226560 | 202265609 | 建筑库101/101建筑库 110排2列3层/ [索取号:TU204-39/L238] | 在馆 | |
| 4 | 485340 | 204853408 | 土木与交通工程学院资料室/ [索取号:TU204-39/L238] | 在馆 |